Представление документа в формате RUSMARC

ПолеНазваниеЗначение
  Тип записи c
  Библиографический уровень m
001 Контрольный номер RU/IS/BASE/439569553
005 Дата корректировки 20260121123928.1
010 Индекс ISBN __
a ISBN 979-0-66000-313-8
010 Индекс ISBN __
a ISBN 5-7379-0153-x
d Цена 145-08
101 Язык документа 0_
a Язык текста rus
200 Заглавие и сведения об ответственности 1_
a Заглавие Азбука музыкальной фантазии
e Сведения, относящиеся к заглавию пособие для детей мл. и сред. шк. возраста по развитию творческих навыков : в 6 тетр.
f Первые сведения об ответственности Л. Борхузон, Л. Волчек
b Общее обозначение материала Ноты
h Номер части Тетр. 4-6
i Наименование части Звучащая природа. Как передать движение музыкой. Играйте в театр
200 Заглавие и сведения об ответственности 1_
d Параллельное заглавие Alphabet of Musical Fantasy
210 Выходные данные 1_
a Место издания Санкт-Петербург
c Издательство Композитор. Санкт-Петербург
d Дата издания cop. 1998
215 Физическое описание __
a Объем 35, [1] с.
c Иллюстрации/тип воспроизводства нот.
300 Общие примечания __
a Общие примечания Авт. также на англ. яз.: L. Borukhson, L. Volchek
330 Аннотация __
a Аннотация Цель пособия - ввести ребенка в мир музыкального творчества, заинтересовать его процессом музицирования, сочинением музыки к стихам и пьес в простых музыкальных формах, научить подбирать аккомпанемент к детским песням. Пособие многократно опробовано в петербургских школах.
517 Другие варианты заглавия 1_
a Другие варианты заглавия Как передать движение музыкой
517 Другие варианты заглавия 1_
a Другие варианты заглавия Играйте в театр
606 Тематические рубрики __
a Основная рубрика Музыка и зрелищные искусства
606 Тематические рубрики __
a Основная рубрика Теория музыки
610 Ключевые слова 0_
a Ключевые слова сольфеджио; нотная грамота; музыкальная грамота; музыкальные школы; детские музыкальные школы; интервалы; аккорды; музицирование; музыкальные упражнения; развитие музыкальных способностей; развитие музыкальности; развитие творчества; развитие творческих способностей
686 Индексы других классификаций __
a Классификационный индекс 85.907
700 Автор _1
a Фамилия Борухзон
b Имя Л. М.
g Полное личное имя Любовь Михайловна
4 Код отношения 070
701 Альтернативная интеллектуальная ответственность _1
a Фамилия Волчек
b Имя Л. Л.
g Полное личное имя Лидия Львовна
4 Код отношения 070
801 Источник записи _0
a Страна RU
b Организация Муниципальное бюджетное учреждение культуры "Централизованная библиотечная система" г. Сургут (Центральная городская библиотека им. А. С. Пушкина)
g Правила каталогизации КиК/Котельникова
801 Источник записи _1
a Страна RU
b Организация Муниципальное бюджетное учреждение культуры "Централизованная библиотечная система" г. Сургут (Центральная городская библиотека им. А. С. Пушкина)
g Правила каталогизации КиК/Котельникова
852 Данные о местонахождении __
j Шифр хранения 85.907
i Авторский знак Б 83
901 Тип документа __
t Тип документа m
903 Характеристики (МАРС) __
a Дата передачи 20131205
969 Тип издания __
a Тип издания нотное издание
990 Данные о заказе (DOS) __
j Количество экземпляров (DOS) 1
t N записи в КСУ для И/У (DOS) 201311